000 00264nam a2200109Ia 4500
008 201210s9999 xx 000 0 und d
100 _aO'Shaughnessy, John
245 0 _aInquiry & Decision
260 _aBombay
_bVivek Publication
_c1975
300 _a200
942 _cBK
999 _c5232
_d5232